Southville International School and Colleges
Your cart is empty.
  • Cart
  • Lists
    Public lists Eva Luna New books Lux_list list_1
    Your lists Log in to create your own lists
  • Log in to your account
  • Your cookies
  • Search history
Southville International School and Colleges
  • Advanced search
  • Recent comments
  • Most popular
  • Libraries

Log in to your account

Log in with GOOGLE


If you do not have an external account, but do have a local account, you can still log in:

  1. Home
  2. MARC view: Winterheim.
Normal view MARC view ISBD view

Winterheim. (Record no. 111424)

[ view plain ]
MARC details
000 -LEADER
fixed length control field 00373nam a2200157 a 4500
003 - CONTROL NUMBER IDENTIFIER
control field MO
005 - DATE AND TIME OF LATEST TRANSACTION
control field 20170315144414.0
008 - FIXED-LENGTH DATA ELEMENTS--GENERAL INFORMATION
fixed length control field 100902s19uu xx 00 eng d
020 ## - INTERNATIONAL STANDARD BOOK NUMBER
International Standard Book Number 078692911
050 ## - LIBRARY OF CONGRESS CALL NUMBER
Classification number TR
Item number W59 2003
100 ## - MAIN ENTRY--PERSONAL NAME
Personal name Niles, Douglas
245 ## - TITLE STATEMENT
Title Winterheim.
260 ## - PUBLICATION, DISTRIBUTION, ETC. (IMPRINT)
Place of publication, distribution, etc Rentom, WA :
Name of publisher, distributor, etc Wizards of the coast,
Date of publication, distribution, etc 2003.
942 ## - ADDED ENTRY ELEMENTS (KOHA)
Source of classification or shelving scheme Dewey Decimal Classification
Koha item type Books
Holdings
Withdrawn status Lost status Source of classification or shelving scheme Damaged status Home library Current library Shelving location Date acquired Source of acquisition Total Checkouts Full call number Barcode Date last seen Price effective from Koha item type
    Dewey Decimal Classification   Munich Library Munich Library Teachers Reference Section 09/02/2010 Library Fund   TR W59 2003 M2142 04/14/2014 04/14/2014 Books

Winterheim.

APA

Niles D., . (2003). Winterheim. Rentom, WA: Wizards of the coast.

Chicago

Niles Douglas, . 2003. Winterheim. Rentom, WA: Wizards of the coast.

Harvard

Niles D., . (2003). Winterheim. Rentom, WA: Wizards of the coast.

MLA

Niles Douglas, . Winterheim. Rentom, WA: Wizards of the coast. 2003.

  • Place hold
  • Print
  • Cite
  • Add to your cart (remove)
  • Save record
    BIBTEX Dublin Core MARCXML MARC (non-Unicode/MARC-8) MARC (Unicode/UTF-8) MARC (Unicode/UTF-8, Standard) MODS (XML) RIS
  • More searches
    Search for this title in:
    Other Libraries (WorldCat) Other Databases (Google Scholar) Online Stores (Bookfinder.com) Open Library (openlibrary.org)

Exporting to Dublin Core...

SOUTHVILLE LIBRARY

Southville International School and Colleges Library

1281 Tropical Ave. Cor. Luxembourg St., BF Homes International, Las Pinas City

Tel. No. 8256374 / 252358 Loc. 117/146

Powered by Koha